Special report: regeneration East Midlands (Record no. 117950)

MARC details
000 -LEADER
fixed length control field 01751cam a2200301 4500
001 - CONTROL NUMBER
control field ABS68113
008 - FIXED-LENGTH DATA ELEMENTS--GENERAL INFORMATION
fixed length control field 040903n2004 000 0 eng u
035 ## - SYSTEM CONTROL NUMBER
System control number (Sirsi) u127258
245 ## - TITLE STATEMENT
Title Special report: regeneration East Midlands
260 ## - PUBLICATION, DISTRIBUTION, ETC.
Date of publication, distribution, etc. 2004
490 ## - SERIES STATEMENT
Series statement Property Week
Volume/sequential designation 69(31) 30 July 2004, 53-64(7)
520 ## - SUMMARY, ETC.
Summary, etc. "Believe it when UDC it" reports on how Northamptonshire is split over government plans to introduce a new urban development corporation in the west of the county and progress has been held up after a hearing at the House of Lords. "Notts at any price" discusses the plans of Roxylight, the developer behind Nottingham's biggest regeneration scheme. Roxylight hopes rent free periods of up to five years will tempt government tenants. "State of independence" profiles Midlands surveyor and UK Independence Party MEP Mike Nattrass who believes that the Eurosceptic position of UKIP will benefit the UK's regeneration projects and the property industry. "Corby's catalyst" reports how the head of Corby's urban regeneration company hopes residential schemes will kick start commercial development. The last article "A rich seam to mine" describes how easy access to the M1 has been the catalyst for the regeneration of Derbyshire's Markham colliery.
590 ## - LOCAL NOTE (RLIN)
Local note ABS
590 ## - LOCAL NOTE (RLIN)
Local note ABS
650 ## - SUBJECT ADDED ENTRY--TOPICAL TERM
Topical term or geographic name entry element EAST MIDLANDS
650 ## - SUBJECT ADDED ENTRY--TOPICAL TERM
Topical term or geographic name entry element DERBYSHIRE
650 ## - SUBJECT ADDED ENTRY--TOPICAL TERM
Topical term or geographic name entry element CORBY
650 ## - SUBJECT ADDED ENTRY--TOPICAL TERM
Topical term or geographic name entry element REGENERATION
650 ## - SUBJECT ADDED ENTRY--TOPICAL TERM
Topical term or geographic name entry element NOTTINGHAM
650 ## - SUBJECT ADDED ENTRY--TOPICAL TERM
Topical term or geographic name entry element NORTHAMPTONSHIRE
650 ## - SUBJECT ADDED ENTRY--TOPICAL TERM
Topical term or geographic name entry element M1
650 ## - SUBJECT ADDED ENTRY--TOPICAL TERM
Topical term or geographic name entry element INDUSTRIAL MARKET
650 ## - SUBJECT ADDED ENTRY--TOPICAL TERM
Topical term or geographic name entry element OFFICE MARKET
650 ## - SUBJECT ADDED ENTRY--TOPICAL TERM
Topical term or geographic name entry element PROPERTY-COMMERCIAL PROPERTY-RETAIL PROPERTY-RETAIL PROPERTY MARKET
650 ## - SUBJECT ADDED ENTRY--TOPICAL TERM
Topical term or geographic name entry element URBAN DEVELOPMENT CORPORATIONS
690 ## - LOCAL SUBJECT ADDED ENTRY--TOPICAL TERM (OCLC, RLIN)
Topical term or geographic name as entry element COMMERCIAL PROPERTY-MARKET
942 ## - ADDED ENTRY ELEMENTS (KOHA)
Suppress in OPAC 0
Holdings
Withdrawn status Lost status Source of classification or shelving scheme Damaged status Not for loan Home library Current library Shelving location Date acquired Total Checkouts Full call number Barcode Date last seen Copy number Price effective from Koha item type
    Dewey Decimal Classification     London London Journal article 03/09/2004   ABS68113 127258-1001 06/08/2019 1 06/08/2019 Journal article